000 00594nam a2200193Ia 4500
003 GCL
008 140319s9999 xx 000 0 ara d
040 _aGCL /
_cGCL
082 0 4 _aم
_b624.103
_bد م
100 1 _aرضوان الجرف
245 1 0 _aالميسر معجم مصطلحات هندسة وادارة التشييد (انجليزى - عربى) /
_cرضوان الجرف
700 1 _aعلى شاش
300 _a570 ص
490 _aماذا اعرف
_v0
650 0 4 _aالهندسة
650 0 4 _aهندسة الانشاءات
650 0 4 _aالمعاجم
942 _2ddc
_cREF
999 _c59651
_d59651